1690 1810 1869 1416 1580 1126 1119 1933 1270 1079 1165 1346 1741 1009 1621 1656 2000 1987 1797 1760 1220 1076 1092 1499 1419 1141 1257 1755 1701 1044 1427 1633 1166 1294 1022 1340 1941 1582 1426 1395 1659 1430 1023 1914 1951 1045 1659 1804 1297 1790 1151 1563 1547 1124 1225 1820 1055 1800 1435 1804 1672 1763 1528 1156 1664 1145 1075 1908 1853 1596 1551 1962 1665 1686 1475 1486 1339 1478 1815 1692 1580 1295 1545 1277 1234 1475 1287 1393 1199 1052 1569 1821 1787 1775 1933 1080 1304 1166 1578 BCNSPRNW ULIB Ver.6.0+V

เปลี่ยนเป็นภาษาไทย

Change to English
 แสดงรายละเอียดบรรณานุกรม
  กลับหน้าหลัก

Brief Record : Get Marc (ISO 2709) : E-mail record : QR code < ปิดหน้าต่าง
LEADER : 00000nam 2200000uu 4500
001    13399123087
003     ULIB
008    140115s2555||||th 000 0 tha d
020    ^a9789743729164
060 04 ^aWA525^bส126ก
100    ^a สกุณา บุญนรากร
245 10 ^aการสร้างเสริมสุขภาพแบบองค์รวมทุกช่วงวัย /^cสกุณา บุญนรากร
250    ^aพิมพ์ครั้งที่ 4
260    ^aสงขลา :^bคณะพยาบาลศาสตร์ มหาวิทยาลัยนราธิวาสราชนครินทร์,^c2555
300    ^a291 หน้า :^bภาพประกอบ ;^c27 ซม.
650  7 ^aการส่งเสริมสุขภาพ^zไทย
650  7 ^aการสร้างเสริมสุขภาพ^zไทย
650  7 ^aการสร้างเสริมสุขภาพ^zไทย
650  7 ^aสุขภาพองค์รวม
710 2  ^aมหาวิทยาลัยนราธิวาสราชนครินทร์. ^bคณะพยาบาลศาสตร์
945    ^p250^l0^i034365
999    ^aเกษร โพธิ์สุวรรณ
รายการนี้ยังไม่มีแท็ก
คุณยังไม่ได้ล็อกอิน คุณสามารถมีกิจกรรมร่วมกับเว็บไซต์ได้ แต่ต้องล็อกอินก่อน ::
  ล็อกอิน

รายการสื่อสารสนเทศ

ลำดับที่ ประเภท เลขเรียก/บาร์โค้ด สถานที่ สถานะ
1. วิทยาศาสตร์การแพทย์ และสุขภาพ
วิทยาศาสตร์การแพทย์ และสุขภาพ
WA525 ส126ก  
  Barcode: 034365
ห้องสมุดวิทยาเขตสวรรค์ประชารักษ์
►ส่วนจัดเก็บหนังสือเก่า สปร
บนชั้น
  ขอยืม

รายการใกล้เคียง
    หัวเรื่อง [สุขภาพองค์รวม]

BibComment


ยังไม่เคยถูกคอมเมนท์

คอมเมนท์ทรัพยากรรายการนี้
  คอมเมนท์: การสร้างเสริมสุข..


 Copyright 2026. Bcnsprnw @Library